<?xml version="1.0" encoding="UTF-8"?>
<record
    xmlns:xsi="http://www.w3.org/2001/XMLSchema-instance"
    xsi:schemaLocation="http://www.loc.gov/MARC21/slim http://www.loc.gov/standards/marcxml/schema/MARC21slim.xsd"
    xmlns="http://www.loc.gov/MARC21/slim">

  <leader>00445nam a22001577a 4500</leader>
  <datafield tag="999" ind1=" " ind2=" ">
    <subfield code="c">16864</subfield>
    <subfield code="d">16864</subfield>
  </datafield>
  <controlfield tag="008">180623b        xxu||||| |||| 00| 0 eng d</controlfield>
  <datafield tag="020" ind1=" " ind2=" ">
    <subfield code="a">1844804542</subfield>
  </datafield>
  <datafield tag="040" ind1=" " ind2=" ">
    <subfield code="a">KABU</subfield>
    <subfield code="c">KABU</subfield>
  </datafield>
  <datafield tag="050" ind1=" " ind2=" ">
    <subfield code="a">QA76.9</subfield>
    <subfield code="b">.S65 2006 c. 1</subfield>
  </datafield>
  <datafield tag="100" ind1=" " ind2=" ">
    <subfield code="a">Smith-Atakan, Serengul</subfield>
  </datafield>
  <datafield tag="245" ind1=" " ind2=" ">
    <subfield code="a">Human-Computer interaction</subfield>
  </datafield>
  <datafield tag="260" ind1=" " ind2=" ">
    <subfield code="a">Australia</subfield>
    <subfield code="b">Thomson Learning</subfield>
    <subfield code="c">2006</subfield>
  </datafield>
  <datafield tag="300" ind1=" " ind2=" ">
    <subfield code="a">xiv, 204 p.</subfield>
  </datafield>
  <datafield tag="650" ind1=" " ind2=" ">
    <subfield code="a">Human-Computer interaction</subfield>
  </datafield>
  <datafield tag="942" ind1=" " ind2=" ">
    <subfield code="2">lcc</subfield>
    <subfield code="c">BK</subfield>
    <subfield code="h">QA76.9</subfield>
  </datafield>
  <datafield tag="952" ind1=" " ind2=" ">
    <subfield code="0">0</subfield>
    <subfield code="1">0</subfield>
    <subfield code="2">lcc</subfield>
    <subfield code="7">0</subfield>
    <subfield code="a">KABU</subfield>
    <subfield code="b">KABU</subfield>
    <subfield code="c">GEN</subfield>
    <subfield code="d">2018-06-23</subfield>
    <subfield code="g">2400.00</subfield>
    <subfield code="l">5</subfield>
    <subfield code="m">1</subfield>
    <subfield code="o">QA76.9 .S65 2006 c. 1</subfield>
    <subfield code="p">025122</subfield>
    <subfield code="r">2025-07-12 12:50:14</subfield>
    <subfield code="s">2025-06-30</subfield>
    <subfield code="t">c. 1</subfield>
    <subfield code="w">2018-06-23</subfield>
    <subfield code="y">BK</subfield>
  </datafield>
  <datafield tag="952" ind1=" " ind2=" ">
    <subfield code="0">0</subfield>
    <subfield code="1">0</subfield>
    <subfield code="2">lcc</subfield>
    <subfield code="7">0</subfield>
    <subfield code="a">KABU</subfield>
    <subfield code="b">KABU</subfield>
    <subfield code="c">GEN</subfield>
    <subfield code="d">2018-06-23</subfield>
    <subfield code="g">2400.00</subfield>
    <subfield code="l">7</subfield>
    <subfield code="o">QA76.9 .S65 2006 c. 2</subfield>
    <subfield code="p">025123</subfield>
    <subfield code="r">2025-06-23 17:12:14</subfield>
    <subfield code="s">2025-06-09</subfield>
    <subfield code="t">c. 2</subfield>
    <subfield code="w">2018-06-23</subfield>
    <subfield code="y">BK</subfield>
  </datafield>
  <datafield tag="952" ind1=" " ind2=" ">
    <subfield code="0">0</subfield>
    <subfield code="1">0</subfield>
    <subfield code="2">lcc</subfield>
    <subfield code="7">0</subfield>
    <subfield code="a">KABU</subfield>
    <subfield code="b">KABU</subfield>
    <subfield code="c">GEN</subfield>
    <subfield code="d">2018-06-23</subfield>
    <subfield code="g">2400.00</subfield>
    <subfield code="l">4</subfield>
    <subfield code="o">QA76.9 .S65 2006 c. 3</subfield>
    <subfield code="p">025287</subfield>
    <subfield code="r">2018-11-26 00:00:00</subfield>
    <subfield code="s">2018-11-16</subfield>
    <subfield code="t">c. 3</subfield>
    <subfield code="w">2018-06-23</subfield>
    <subfield code="y">BK</subfield>
  </datafield>
  <datafield tag="952" ind1=" " ind2=" ">
    <subfield code="0">0</subfield>
    <subfield code="1">0</subfield>
    <subfield code="2">lcc</subfield>
    <subfield code="7">0</subfield>
    <subfield code="a">KABU</subfield>
    <subfield code="b">KABU</subfield>
    <subfield code="c">GEN</subfield>
    <subfield code="d">2018-06-23</subfield>
    <subfield code="g">2400.00</subfield>
    <subfield code="l">0</subfield>
    <subfield code="o">QA76.9 .S65 2006 c. 4</subfield>
    <subfield code="p">025125</subfield>
    <subfield code="r">2018-06-23 00:00:00</subfield>
    <subfield code="t">c. 5</subfield>
    <subfield code="w">2018-06-23</subfield>
    <subfield code="y">BK</subfield>
  </datafield>
  <datafield tag="952" ind1=" " ind2=" ">
    <subfield code="0">0</subfield>
    <subfield code="1">0</subfield>
    <subfield code="2">lcc</subfield>
    <subfield code="7">0</subfield>
    <subfield code="a">KABU</subfield>
    <subfield code="b">KABU</subfield>
    <subfield code="c">GEN</subfield>
    <subfield code="d">2018-06-23</subfield>
    <subfield code="g">2400.00</subfield>
    <subfield code="l">0</subfield>
    <subfield code="o">QA76.9 .S65 2006 c. 5</subfield>
    <subfield code="p">025126</subfield>
    <subfield code="r">2018-06-23 00:00:00</subfield>
    <subfield code="t">c. 5</subfield>
    <subfield code="w">2018-06-23</subfield>
    <subfield code="y">BK</subfield>
  </datafield>
</record>
